[Event "Vecindario Canarias op 4th"]
[Site "Vecindario"]
[Date "2010.07.24"]
[Round "8"]
[White "Inigo Munoz, Javier"]
[Black "Fernandez Siles, Luis"]
[Result "0-1"]
[WhiteElo "2144"]
[BlackElo "2368"]
[PlyCount "60"]
[EventDate "2010.07.18"]
[EventType "swiss"]
[EventRounds "9"]
[EventCountry "ESP"]
[SourceTitle "CBM 137 Extra"]
[Source "ChessBase"]
[SourceDate "2010.09.01"]
[SourceVersion "1"]
[SourceVersionDate "2010.09.01"]
[SourceQuality "1"]

1. c4 e5 2. Nc3 Nf6 3. e4 Bc5 4. Be2 Nc6 5. Nf3 d6 6. 0-0 0-0 7. d3 h6 8. Rb1 a5 9. a3 Bd7 10. Ne1 Kh7 11. Nc2 a4 12. Kh1 g5 13. Be3 Re8 14. g3 Nd4 15. Bxd4 exd4 16. Na2 Bh3 17. Rg1 h5 18. Bf1 Bd7 19. Nc1 Kg7 20. f3 Rh8 21. Ne2 g4 22. Qd2 gxf3 23. Nexd4 Ng4 24. h4 Qf6 25. Qc3 Ne5 26. Ne3 Kf8 27. Nd5 Qg7 28. Nxc7 Rc8 29. b4 axb3 30. Nce6+ fxe6 0-1

[Event "Vecindario Canarias op 4th"]
[Site "Vecindario"]
[Date "2010.07.22"]
[Round "6"]
[White "Campos Gambuti, Luis Maria"]
[Black "Inigo Munoz, Javier"]
[Result "1/2-1/2"]
[WhiteElo "2446"]
[BlackElo "2144"]
[PlyCount "79"]
[EventDate "2010.07.18"]
[EventType "swiss"]
[EventRounds "9"]
[EventCountry "ESP"]
[SourceTitle "CBM 137 Extra"]
[Source "ChessBase"]
[SourceDate "2010.09.01"]
[SourceVersion "1"]
[SourceVersionDate "2010.09.01"]
[SourceQuality "1"]

1. d4 d5 2. c4 e6 3. Nc3 c6 4. e3 Bd6 5. Qc2 f5 6. Bd3 Nh6 7. Nge2 0-0 8. Bd2 a5 9. f3 Qf6 10. 0-0-0 Na6 11. c5 Nb4 12. Qb1 Nxd3+ 13. Qxd3 Bc7 14. Na4 b5 15. cxb6 Ba6 16. Qa3 Bxe2 17. Rde1 Bb5 18. bxc7 Bxa4 19. Qxa4 Rfc8 20. Qxc6 Ra7 21. Kb1 Raxc7 22. Qa6 f4 23. e4 dxe4 24. Rxe4 Rc6 25. Qxa5 Qg6 26. Rg1 Ng4 27. Bxf4 Nf2 28. Qg5 Qf7 29. Qg3 Rc2 30. Rc1 Rxc1+ 31. Bxc1 Nxe4 32. fxe4 Qf1 33. Qe3 Qxg2 34. Qd2 Qh1 35. Qe3 Qxh2 36. Qb3 Qc7 37. Bf4 Qc6 38. Qd3 h5 39. a3 h4 40. Be5 1/2-1/2

[Event "Vecindario Canarias op 4th"]
[Site "Vecindario"]
[Date "2010.07.19"]
[Round "3"]
[White "Pile, Richard"]
[Black "Inigo Munoz, Javier"]
[Result "1-0"]
[WhiteElo "2317"]
[BlackElo "2144"]
[PlyCount "43"]
[EventDate "2010.07.18"]
[EventType "swiss"]
[EventRounds "9"]
[EventCountry "ESP"]
[SourceTitle "CBM 137 Extra"]
[Source "ChessBase"]
[SourceDate "2010.09.01"]
[SourceVersion "1"]
[SourceVersionDate "2010.09.01"]
[SourceQuality "1"]

1. e4 e6 2. d4 d5 3. Nc3 Bb4 4. e5 c5 5. Bd2 Bxc3 6. Bxc3 cxd4 7. Qxd4 Ne7 8. Nf3 Qc7 9. Qg4 g6 10. Qf4 f5 11. Bb4 Nbc6 12. Bd6 Qb6 13. 0-0-0 Bd7 14. Qh4 Ng8 15. Kb1 Rc8 16. g4 fxg4 17. Qxg4 Na5 18. Qf4 Kd8 19. Ng5 Nc4 20. Qf8+ Be8 21. Nxe6+ Kd7 22. Qg7+ 1-0

[Event "ESP-ch 74th"]
[Site "Palma de Mallorca"]
[Date "2009.09.29"]
[Round "4"]
[White "Inigo Munoz, Javier"]
[Black "Del Rey, Diego"]
[Result "0-1"]
[WhiteElo "2167"]
[BlackElo "2419"]
[PlyCount "86"]
[EventDate "2009.09.26"]
[EventType "swiss"]
[EventRounds "9"]
[EventCountry "ESP"]
[SourceTitle "CBM 132 Extra"]
[Source "ChessBase"]
[SourceDate "2009.11.03"]
[SourceVersion "1"]
[SourceVersionDate "2009.11.03"]
[SourceQuality "1"]

1. c4 e5 2. Nc3 Nf6 3. g3 c6 4. Bg2 d5 5. cxd5 cxd5 6. d4 e4 7. Bg5 Bb4 8. Qb3 Bxc3+ 9. bxc3 Nbd7 10. c4 dxc4 11. Qxc4 h6 12. Bd2 0-0 13. e3 Nb6 14. Qb4 Be6 15. Ne2 Bc4 16. Qb2 Bxe2 17. Kxe2 Nc4 18. Qb4 b5 19. Rhc1 Rb8 20. Be1 Qd7 21. Kf1 a5 22. Qb1 Qd5 23. Kg1 Rfc8 24. Bh3 Rc6 25. Qb3 Qh5 26. Bg2 a4 27. Qc2 Qd5 28. Bh3 Ne5 29. Qe2 Nf3+ 30. Kg2 Rc4 31. Rxc4 bxc4 32. Rc1 g5 33. Kh1 g4 34. Bf1 Rc8 35. Bb4 Qh5 36. h3 gxh3 37. Rxc4 Rxc4 38. Qxc4 Ng4 39. Qc2 Qf5 40. Bd6 Nxd4 41. Bb4 Nf3 42. Qe2 Qb5 43. Qc2 Qf5 0-1

[Event "ESP-chT2 Gr2"]
[Site "Burguillos"]
[Date "2009.08.06"]
[Round "3"]
[White "Fernandez Garcia, Miguel Angel"]
[Black "Inigo Munoz, Javier"]
[Result "1-0"]
[WhiteElo "2269"]
[BlackElo "2155"]
[PlyCount "111"]
[EventDate "2009.08.05"]
[EventType "team-swiss"]
[EventRounds "6"]
[EventCountry "ESP"]
[SourceTitle "CBM 131 Extra"]
[Source "ChessBase"]
[SourceDate "2009.09.03"]
[SourceVersion "2"]
[SourceVersionDate "2009.09.16"]
[SourceQuality "1"]

1. d4 d5 2. c4 e6 3. Nf3 c6 4. Qc2 f5 5. g3 Nf6 6. Bg2 Bd6 7. 0-0 0-0 8. b3 Qe7 9. Bb2 Nbd7 10. Nbd2 b6 11. e3 Bb7 12. Rac1 Rac8 13. Rfd1 Rfd8 14. Qb1 Ne4 15. Ne5 Bb4 16. Ndf3 Ndf6 17. Nd3 Bd6 18. Nfe5 c5 19. dxc5 bxc5 20. Qc2 a5 21. Nf3 a4 22. Be5 axb3 23. axb3 dxc4 24. bxc4 Bxe5 25. Nfxe5 Nd7 26. Nf3 Ra8 27. Rb1 Bc6 28. Ra1 Qf6 29. Qb2 Qxb2 30. Nxb2 Rxa1 31. Rxa1 Rb8 32. Nd3 h6 33. Nfe5 Nxe5 34. Nxe5 Ba8 35. Nd7 Rd8 36. Bxe4 Bxe4 37. Nxc5 Bf3 38. Nxe6 Rc8 39. Nd4 Be4 40. Rc1 g6 41. c5 Kf7 42. Nb5 Ke6 43. Nd4+ Kd5 44. c6 Kd6 45. Nb5+ Ke7 46. c7 Kd7 47. Rd1+ Ke7 48. Nd6 Rxc7 49. Nxe4 fxe4 50. Rd4 Kf6 51. Rxe4 Rc6 52. Kg2 Rb6 53. h4 h5 54. Kf3 Ra6 55. Rb4 Rc6 56. Kf4 1-0